| 000 | nam a22 a 4500 | ||
|---|---|---|---|
| 999 |
_c1033 _d1033 |
||
| 003 | AKMAL | ||
| 005 | 20170508110938.0 | ||
| 008 | 170508s1994 my 00 may d | ||
| 020 |
_a967610437X (kkt.): _cRM 6.50 |
||
| 040 | _aAKMAL | ||
| 082 | 0 | 4 | _a297.19785 MUS |
| 090 |
_a297.19785 _bMUS |
||
| 100 | 0 |
_aMustafa Haji Daud _91904 |
|
| 245 | 1 |
_aPekerjaan dan perusahaan menurut Islam / _cMustafa Haji Daud |
|
| 260 |
_aKuala Lumpur : _bUtusan Publications, _c1994 |
||
| 300 |
_a88ms. ; _c22cm |
||
| 500 | _aMengandungi ayat-ayat dari Quran | ||
| 504 | _aBibliografi: ms.87 | ||
| 650 |
_aIslam and labor _92160 |
||
| 650 |
_aPersonnel management _xReligious aspects _xIslam _92161 |
||
| 650 |
_aIndustrial management _xReligious aspects _xIslam _92162 |
||
| 650 |
_aService industries workers _xReligious aspects _xIslam _92163 |
||
| 942 |
_2ddc _cBOOK |
||